000 00962nab a2200277 i 4500
003 BR-BrBNA
005 20241015133249.0
008 241015b2005 bl.qr|pooa||| 00| 0 por |
040 _aBR-BrBNA
_bpor
072 _aF50
072 _aF70
072 _aK10
100 _aPrado, Jefferson
245 _aFlora da Reserva Ducke, Amazônia, Brasil: Pteridophyta - Thelypteridaceae
500 _aPublicação on-line; 7 ref.; 1 illus.
520 _aNão há resumos.
650 _aFLORA
650 _aCOMPOSIÇÃO BOTÂNICA
650 _aPTERIDÓFITA
650 _aANATOMIA VEGETAL
650 _aMORFOLOGIA VEGETAL
773 0 _0709
_9345304
_dRio de Janeiro-RJ Jardim Botanico do Rio de Janeiro 1935
_o2024-5823
_tRodriguésia (Brazil)
_x0370-6583; 2175-7860 on-line
_gv. 56(86) p. 105-107; (2005)
_wBR2024003281
856 _uhttps://www.scielo.br/j/rod/a/vDFD6MNwYxZg7BQzr8SRjSw/?format=pdf&lang=pt
942 _cANA
999 _c328121
_d328121